Central Library OPAC University of Rajshahi

Work, democracy, and development : (Record no. 46964)

MARC details
000 -LEADER
fixed length control field 01478nam a2200337 a 4500
001 - CONTROL NUMBER
control field 46964
003 - CONTROL NUMBER IDENTIFIER
rucl marc code BD-RjUL
005 - DATE AND TIME OF LATEST TRANSACTION
control field 20211209054234.0
008 - FIXED-LENGTH DATA ELEMENTS--GENERAL INFORMATION
fixed length control field 160806s2001 ii a b 001 0 eng
020 ## - INTERNATIONAL STANDARD BOOK NUMBER
International Standard Book Number 0761995579
035 ## - SYSTEM CONTROL NUMBER
System control number (BD-RjUL)47083
040 ## - CATALOGING SOURCE
Original cataloging agency DLC
Transcribing agency DLC
Modifying agency DLC
-- BD-RjUL
Language of cataloging eng
041 ## - LANGUAGE CODE
Language code of text/sound track or separate title eng
082 00 - DEWEY DECIMAL CLASSIFICATION NUMBER
Classification number 306.0954
Edition number 23
Author mark and year MEW 2001
100 1# - MAIN ENTRY--PERSONAL NAME
Personal name Mehta, Prayag,
Dates associated with a name 1926-
9 (RLIN) 143059
245 10 - TITLE STATEMENT
Title Work, democracy, and development :
Remainder of title socio-psychological monitoring of organisations and programmes /
Statement of responsibility, etc. Prayag Mehta.
260 ## - PUBLICATION, DISTRIBUTION, ETC. (IMPRINT)
Place of publication, distribution, etc. New Delhi ;
-- Thousand Oaks, Calif. :
Name of publisher, distributor, etc. Sage,
Date of publication, distribution, etc. 2001.
300 ## - PHYSICAL DESCRIPTION
Pagination 203 p. :
Illustrations ill., ;
Size 23 cm.
504 ## - BIBLIOGRAPHY, ETC. NOTE
Bibliography, etc Includes bibliographical references (p.190-199) and index.
650 #0 - SUBJECT ADDED ENTRY--TOPICAL TERM
Topical term or geographic name as entry element Industrial sociology
Geographic subdivision India.
9 (RLIN) 133639
Topical term or geographic name as entry element Children
Geographic subdivision India
General subdivision Attitudes.
9 (RLIN) 143060
Topical term or geographic name as entry element Diversity in the workplace
General subdivision Government policy
Geographic subdivision India
General subdivision Evaluation.
9 (RLIN) 143061
Topical term or geographic name as entry element Toleration
General subdivision Study and teaching
-- Government policy
Geographic subdivision India
General subdivision Evaluation.
9 (RLIN) 143062
Topical term or geographic name as entry element Democracy
General subdivision Study and teaching
-- Government policy
Geographic subdivision India
General subdivision Evaluation.
9 (RLIN) 143063
Topical term or geographic name as entry element Child development
General subdivision Government policy
Geographic subdivision India
General subdivision Evaluation.
9 (RLIN) 143064
651 #0 - SUBJECT ADDED ENTRY--GEOGRAPHIC NAME
Geographic name India
General subdivision Ethnic relations.
9 (RLIN) 132363
856 42 - ELECTRONIC LOCATION AND ACCESS
Materials specified Publisher description
Uniform Resource Identifier <a href="http://www.loc.gov/catdir/enhancements/fy0657/2001019394-d.html">http://www.loc.gov/catdir/enhancements/fy0657/2001019394-d.html</a>
Materials specified Table of contents only
Uniform Resource Identifier <a href="http://www.loc.gov/catdir/enhancements/fy0657/2001019394-t.html">http://www.loc.gov/catdir/enhancements/fy0657/2001019394-t.html</a>
942 ## - ADDED ENTRY ELEMENTS (KOHA)
Source of classification or shelving scheme Dewey Decimal Classification
Koha item type Books
Holdings
Lost status Source of classification or shelving scheme Damaged status Not for loan Collection code Permanent Location Current Location Shelving location Date acquired Source of acquisition Cost, normal purchase price Total Checkouts Full call number Date last seen Copy number Koha item type
  Dewey Decimal Classification     Non-fiction Central Library, University of Rajshahi Central Library, University of Rajshahi   15/04/2006 Paragon Enterprise Lit., Dhaka 495.00   306.0954 MEW 2001 06/08/2016 C-2 Books
  Dewey Decimal Classification   Not For Loan Non-fiction Central Library, University of Rajshahi Central Library, University of Rajshahi Reading Room 15/04/2006 Paragon Enterprise Lit., Dhaka 495.00   306.0954 MEW 2001 11/12/2016 C-1 Books